000 00236nam a2200085Ia 4500
245 0 _aI love Ohazurike
100 _a BILA, Fred Vonani Durban, South Africa, 2002
_978192
942 _cBK
008 210817s9999 xx 000 0 und d
999 _c269748
_d269747